| 000 | 00782nam a2200253Ia 4500 | ||
|---|---|---|---|
| 003 | OSt | ||
| 005 | 20220925212500.0 | ||
| 006 | a|||||r|||| 00| 0 | ||
| 007 | ta | ||
| 008 | 220923b |||||||| |||| 00| 0 eng d | ||
| 037 | _cGeneral Book | ||
| 040 |
_aRTL _cRTL _beng |
||
| 041 |
_2eng _aeng |
||
| 082 | _aU21, M2 | ||
| 100 |
_aRhodes Dallas D Ed. _9276887 |
||
| 245 | 0 |
_aAdjustments of the sluvial system _b Papers and proc |
|
| 260 |
_aLondon _bAllen & Unwin UK _c1982 |
||
| 300 |
_aix,372p. Bib chapterwise _ccm. |
||
| 490 | _aAnnual geomorphology symposia sereis,10 | ||
| 650 | _aGeomorphology | ||
| 700 |
_a Williams Garnett P Ed. _9276888 |
||
| 942 |
_hU21, M2 _cGB _2CC |
||
| 999 |
_c560487 _d560487 |
||